1719 1563 1058 1451 1272 1196 1004 1381 1740 1724 1994 1346 1364 1396 1818 1135 1742 1497 1651 1853 1728 1918 1177 1502 1853 1450 1343 1375 1511 1801 1722 1865 1634 1264 1310 1208 1167 1771 1424 1261 1498 1122 1508 1547 1269 1347 1284 1455 1574 1203 1838 1923 1537 1348 1966 1238 1321 1303 1858 1848 1199 1118 1407 1401 1293 1865 1016 1134 1480 1515 1092 1908 1113 1242 1061 1099 1284 1744 1791 1672 1749 1215 1324 1318 1833 1248 1587 1339 1366 1673 1672 1689 1990 1648 1577 1865 1857 1090 1429 BCNSPRNW ULIB Ver.6.0+V

เปลี่ยนเป็นภาษาไทย

Change to English
 แสดงรายละเอียดบรรณานุกรม
  กลับหน้าหลัก

Brief Record : Get Marc (ISO 2709) : E-mail record : QR code < ปิดหน้าต่าง
LEADER : 00000nam 2200000 a 4500
001    13399114314
003     ULIB
008    110930s2553 th 000 0 tha d
020    ^a9789742258238
060  4 ^aWM171^bอ332ก
100 0  ^aอรพรรณ ลือบุญธวัชชัย
245 10 ^aการบำบัดรักษาทางจิตสังคมสำหรับโรคซึมเศร้า =^bPsychosocial treatment for depressive disorder /^cโดย อรพรรณ ลือบุญธวัชชัย,
246 31 ^aPsychosocial treatment for depressive disorder
260    ^aกรุงเทพฯ :^bธนาเพรส,^c2553
300    ^a266 หน้า
650  4 ^aความซึมเศร้า
650  4 ^aจิตบำบัด
700 0  ^aพีรพนธ์ ลือบุญธวัชชัย
945    ^p250^l0^i031374
945    ^p250^l0^i031375
945    ^p250^l0^i031376
995    ^aทศพร
999 ^a ทศพร
รายการนี้ยังไม่มีแท็ก
คุณยังไม่ได้ล็อกอิน คุณสามารถมีกิจกรรมร่วมกับเว็บไซต์ได้ แต่ต้องล็อกอินก่อน ::
  ล็อกอิน

รายการสื่อสารสนเทศ

ลำดับที่ ประเภท เลขเรียก/บาร์โค้ด สถานที่ สถานะ
1. วิทยาศาสตร์การแพทย์ และสุขภาพ
วิทยาศาสตร์การแพทย์ และสุขภาพ
WM171 อ332ก ฉ.2 
  Barcode: 031375
ห้องสมุดวิทยาเขตสวรรค์ประชารักษ์
►ส่วนจัดเก็บหนังสือเก่า สปร
บนชั้น
  ขอยืม
2. วิทยาศาสตร์การแพทย์ และสุขภาพ
วิทยาศาสตร์การแพทย์ และสุขภาพ
WM171 อ332ก ฉ.3 
  Barcode: 031376
ห้องสมุดวิทยาเขตสวรรค์ประชารักษ์
►ส่วนจัดเก็บหนังสือเก่า สปร
บนชั้น
  ขอยืม

รายการใกล้เคียง
    ผู้แต่ง [อรพรรณ ลือบุญธวัชชัย]

    หัวเรื่อง [ความซึมเศร้า]
    หัวเรื่อง [จิตบำบัด]

BibComment


ยังไม่เคยถูกคอมเมนท์

คอมเมนท์ทรัพยากรรายการนี้
  คอมเมนท์: การบำบัดรักษาทาง..


 Copyright 2026. Bcnsprnw @Library